Hambre y desnutrición en los países miembros de la Asociación de Estados del Caribe (AEC) /

El presente documento trata sobre el problema del hambre y la desnutrición en los países miembros de la Asociación de Estados del Caribe (AEC) que está integrada por 25 países del Caribe, Centroamérica y Sudamérica. Además proporciona un análisis del fenómeno en estos países, en el contexto de la re...

وصف كامل

محفوظ في:
التفاصيل البيبلوغرافية
المؤلف الرئيسي: Martínez, Rodrigo
التنسيق: نص
سلاسل:SERIE POLITICAS SOCIALES/CEPAL
الموضوعات:
الوسوم: إضافة وسم
لا توجد وسوم, كن أول من يضع وسما على هذه التسجيلة!

MARC

LEADER 00000 a a2200000 04500
001 48044
003
040
090 |a REV1291 (111) 2005  
100 |a Martínez, Rodrigo  
245 |a Hambre y desnutrición en los países miembros de la Asociación de Estados del Caribe (AEC) /  |c Rodrigo Martínez 
440 |a SERIE POLITICAS SOCIALES/CEPAL  
520 |a El presente documento trata sobre el problema del hambre y la desnutrición en los países miembros de la Asociación de Estados del Caribe (AEC) que está integrada por 25 países del Caribe, Centroamérica y Sudamérica. Además proporciona un análisis del fenómeno en estos países, en el contexto de la región.  
650 |a HAMBRE  
650 |a MALNUTRICION  
650 |a POBREZA  
650 |a ECONOMIA  
650 |a AMERICA LATINA  
650 |a CARIBE  
773 |g número111, (2007), página42  
999 |c 29235  |d 29235